000 00455nam a2200169Ia 4500
003 GCL
008 140319s9999 xx 000 0 eng d
040 _aGCL /
_cGCL
082 0 4 _a940.54
_bD W
100 1 _aDAWIDOWICZ, LUCY S
245 1 0 _aTHE WAR AGAINST THE JEWS 1933 - 1945 /
_cDAWIDOWICZ, LUCY S
260 _a[S.N] :
_bPENGUIN BOOKS ،
_c1987
300 _a556 P
650 0 4 _aHISTORY
650 0 4 _aJEWS - HISTORY, 1789 - 1945
942 _2ddc
_cBK
999 _c16406
_d16406